| 000 | 02051nam a2200421 a 4500 | ||
|---|---|---|---|
| 003 | CHAP | ||
| 005 | 20230317184145.0 | ||
| 007 | ta | ||
| 008 | 230317s2009 ag a|||f |||| 001 0 spa d | ||
| 020 | _a978-950-24-1043-2 | ||
| 040 |
_amxchpua _cCHAP _erda |
||
| 050 | 1 | 0 |
_aTS1974 _b.M66 2009 |
| 082 | 0 | 0 |
_220 _a664.90286 _bM66 2009 |
| 100 | 1 |
_9154752 _aMonín, Alberto _eautor |
|
| 245 | 1 | 0 |
_aChacinados caseros / _cAlberto Monin |
| 250 | _a1a edición | ||
| 264 |
_aArgentina : _bAlbatros, _c2009 |
||
| 300 |
_a190 páginas : _bilustraciones |
||
| 336 |
_2rdacontent _atexto _btxt |
||
| 337 |
_2rdamedia _asin medio _bn |
||
| 338 |
_2rdacarrier _avolumen _bnc |
||
| 490 | 1 | 0 |
_aMicroemprendimientos (Albatros) _v5 |
| 500 | _aEn la cubierta tiene como subtítulo "Su empresa de embutidos" | ||
| 520 | 2 | _aEste libro, escrito en forma concisa, describe los principios esenciales de la conservación de los alimentos cárnicos, métodos aconsejados en la preparación casera y prácticas recetas con ideas innovadoras sobre el tema.El autor quiere ayudar a todos aquellos lectores que desean iniciarse en la preparación de fiambres y embutidos como chorizos, morcillas, jamones, etc.; con un microemprendimiento como objetivo. Embutidos frescos como chorizos, morcillas, longanizas, salchichas y mortadela.Embutidos secos como salames, jamones, chorizos, bondiola y panceta.Hierbas y especias más comunes utilizadas en la preparación de las carnes.Además, recetas para preparar codeguines, sopresata y matambres | |
| 650 | 1 | 3 |
_9147832 _aProductos cárnicos |
| 650 | 1 | 3 |
_9147937 _aIndustria del ganado y de la carne |
| 650 | 1 | 3 |
_9149491 _aCarnes curadas |
| 650 | 1 | 3 |
_9186460 _aCarne fermentada |
| 650 | 1 | 7 |
_922880 _aChorizo |
| 650 | 1 | 3 |
_9151290 _aSalchichas |
| 650 | 1 | 3 |
_9147939 _aMeat products |
| 650 | 1 | 3 |
_9147938 _aLivestock and meat industry |
| 650 | 1 | 3 |
_9149492 _aCured meats |
| 650 | 1 | 3 |
_9186461 _aFermented meat |
| 650 | 1 | 3 |
_9159088 _aSausages |
| 830 | 0 |
_975511 _aMicroemprendimientos (Albatros) _v5 |
|
| 942 |
_2ddc _cLibro |
||
| 999 |
_c218559 _d218559 |
||